Dominance conditions in non-additive expected utility theory.

Určenie podmienok dominancie v teórii očakávaného úžitku, ktorá bola nedávno navrhnutá v záujme vysvetlenia Ellsbergovho paradoxu. V univariantnom prípade možno dobre známe vety stochastickej dominancie rozšíriť na neaditívny rámec.

Salvato in:
Dettagli Bibliografici
Autore principale: Scarsini, M.
Natura: Capitolo di libro
Lingua:inglese
Soggetti:
Tags: Aggiungi Tag
Nessun Tag, puoi essere il primo ad aggiungerne!!

MARC

LEADER 00000naa a2200000 4500
001 r009408
005 20221130113042.0
041 0 |a eng 
044 |a NL 
245 1 0 |a Dominance conditions in non-additive expected utility theory.  |c M. Scarsini 
520 |a Určenie podmienok dominancie v teórii očakávaného úžitku, ktorá bola nedávno navrhnutá v záujme vysvetlenia Ellsbergovho paradoxu. V univariantnom prípade možno dobre známe vety stochastickej dominancie rozšíriť na neaditívny rámec. 
610 2 0 |a metódy ekonomicko-matematické 
610 2 0 |a teória úžitku 
610 2 0 |a funkcie úžitkové 
610 2 0 |a paradoxy 
610 2 0 |a pravdepodobnosť 
100 1 |a Scarsini, M.